00474nam a2200157 a 450000100060000000300090000600800410001502000150005604000280007108200170009910000150011624500880013126000460021930000120026565000390027717181CO-ViMGA141112s2004 ck r 000 u spa d a2856080340 aCO-ViMGAbspacCO-ViMGA04aR631.3 C351d1 aCemagref, 10aDiccionario Tecnológico : bFrances, Ingles, Aleman.Español, Italiano, Potugues aParis (Francia), cMundi - prensa, c1990 a1295.p.14aMAQUINARIA AGRICOLA - DICCIONARIOS